| 000 | 00493nam a2200169 i 4500 | ||
|---|---|---|---|
| 001 | 96160 | ||
| 003 | ES-MaACL | ||
| 005 | 20230906181845.0 | ||
| 007 | t| | ||
| 008 | 050613q19501959sp ||||1| spa d | ||
| 245 | 0 | 0 |
_aMadrid _b: monumental y turístico: plano-guía. |
| 250 | _a[2ª ed. ampl.]. | ||
| 260 |
_aMadrid : _bMorán-Osés, _c[195-?] |
||
| 300 |
_a31 h., 1 plan. pleg. : _bil. ; _c23 cm. |
||
| 651 | 4 |
_aMadrid- _vGuías turísticas. _98962 |
|
| 852 |
_aES-MaACL _j1963-F-12 _bR.36665 |
||
| 999 |
_c96160 _d96160 |
||